| 000 | 00435nam a2200157Ia 4500 | ||
|---|---|---|---|
| 008 | 230718s9999 xx 000 0 und d | ||
| 041 | _aeng | ||
| 082 |
_a600 _bKUL |
||
| 100 | _aKulkarni A.D. | ||
| 245 | _aApplied Science - I | ||
| 260 |
_c1998 _bTech Nova Publications |
||
| 300 | _a152 | ||
| 365 |
_cRs. _b125.00 |
||
| 700 | _aKulkarni A.D.,Walekar V.K; Deshpande M.S. & Shukla S.N. | ||
| 906 |
_dB:424018-Sep-1998 _cALLEDS _b18.75 |
||
| 999 |
_c298313 _d298313 |
||